000 00588nam a2200217Ia 4500
005 20250923144946.0
008 008 250917s9999 xx 000 0 eng d
037 _aTextual
040 _aDSWL
_beng
_cDSWL
041 _aeng
_2eng
084 _aYX,Z1, N65
_qDSWL
100 _aHeywood, Jean S.
_9830273
245 0 _aChildren in care
_cby Jean S. Heywood
250 _a2nd
260 _aLondon
_bRouteldge & Kegan Paul
_c1965
300 _aXI,268 p.
365 _aINR
_b32.00
925 _g32.00
942 _cTEXL
_hYX,Z1, N65
999 _c1445398
_d1445398